000 00972nam a22002537a 4500
005 20170123164149.0
010 _aA-977727
020 _c95.00
035 _aA-977727
037 _bCen Lib/Ret
040 _aDPL
_bPN
082 _a851
_bਅਮਿਆ
100 _aਅਮਿਆ ਕੁੰਵਰ
_9124886
245 _aਛਿਣਾਂਦੀ ਗਾਥਾ :
_cਅਮਿਆ ਕੁੰਵਰ
_bਕਵਿਤਾਵਾਂ /
246 _aChhina di gatha : poetry /
_bby Amia Kunwar
260 _aਦਿੱਲੀ
_bਸ਼੍ਰੀ ਪ੍ਰਕਾਸ਼ਨ
_c2000
270 _a4/32 ਸੁਭਾਸ਼ ਗਲੀ, ਵਿਸ਼ਵਾਸ ਨਗਰ
_bਦਿੱਲੀ
_e110032
300 _a103p.
_c22cm(Hb)
650 _a ਸਾਹਿਤ--ਪੰਜਾਬੀ
_9124887
650 _aਪੰਜਾਬੀ -- ਕਵਿਤਾਵਾਂ
_9124888
650 _a Literature--Punjabi
_9124889
650 _aPunjabi -- Poetry
_9124890
942 _2ddc
_cPN
_h851
_mਅਮਿਆ
999 _c110214
_d110214